15 Seconds - Pixar Movies - Statistics

General Stats
  • This quiz has been taken 30 times
  • The average score is 10 of 31
Answer Stats
Year Movie % Correct
1995 Toy Story
100%
1999 Toy Story 2
100%
2010 Toy Story 3
100%
2019 Toy Story 4
100%
2026 Toy Story 5
100%
2006 Cars
56%
2011 Cars 2
56%
2017 Cars 3
56%
2004 The Incredibles
33%
2018 The Incredibles 2
33%
2022 Turning Red
33%
2025 Elio
22%
2016 Finding Dory
22%
2003 Finding Nemo
22%
2015 Inside Out
22%
2024 Inside Out 2
22%
2021 Luca
22%
2007 Ratatouille
22%
2009 Up
22%
2008 WALL-E
22%
2017 Coco
11%
2023 Elemental
11%
2026 Hoppers
11%
2001 Monsters, Inc
11%
2013 Monsters University
11%
1998 A Bug's Life
0%
2012 Brave
0%
2022 Lightyear
0%
2020 Onward
0%
2020 Soul
0%
2015 The Good Dinosaur
0%
No matching quizzes found
Score Distribution
Percent of People with Each Score
Percentile by Number Answered
Your Score History
You have not taken this quiz